000 00326nam a22001457a 4500
008 210309b ||||| |||| 00| 0 eng d
020 _a9781572319363
041 _aeng
080 _a004
082 _a004
100 _a35
101 _aSHKI
245 _aMicrosoft Office 2000 Professional
_cHalvorson,M
942 _2udc
_cBK
999 _c56066
_d56066